Schůzka se smrtí

Hlavní autor: Christie, Agatha, 1890-1976
Další autoři: Vrzák, Aleš, 1970-, Mazourová, Markéta, 1974-, Hánová, Martina, Merunková, Růžena, 1940-
Jazyk: Čeština
Vydáno: Praha : Tympanum, c2009
Edice: Voilà! Hercule Poirot
Audioknihy
Témata:
Fyzický popis: 6 zvukových desek (7 hod., 12 min.) : digital
Zvukové nahrávky
Uloženo v:
LEADER 01791nim a2200505 a 4500
001 001094839
003 CZ BrMZK
005 20111202070519.0
007 sd fsngnnmmned
008 090327s2009 xr ||n es f cze
024 3 |a 8594072275364 
028 0 1 |b Tympanum 
040 |a BOA001  |b cze 
041 1 |d cze  |h eng 
072 7 |a 821.111-3  |x Anglická próza, anglicky psaná  |2 Konspekt  |9 25 
080 |a 821.111-31  |2 MRF 
080 |a (0:82-312.4)  |2 MRF 
080 |a (086.7)08  |2 MRF 
080 |a (086.76)2124665  |2 MRF 
100 1 |a Christie, Agatha,  |d 1890-1976  |7 jn19981000482  |4 aut 
245 1 0 |a Schůzka se smrtí  |h [zvukový záznam] /  |c Agatha Christie 
260 |a Praha :  |b Tympanum,  |c c2009 
300 |a 6 zvukových desek (7 hod., 12 min.) :  |b digital 
490 1 |a Voilà! Hercule Poirot 
490 1 |a Audioknihy 
500 |a Kompaktní desky 
500 |a Přeložila Martina Hánová 
500 |a Přeloženo z angličtiny 
508 |a Režie Aleš Vrzák ; hudba Markéta Mazourová 
511 0 |a Čte Růžena Merunková 
518 |a Nahráno ve studiu DAMU v Praze v červnu 2009 
655 7 |a anglické romány  |7 fd131814  |2 czenas 
655 7 |a detektivní romány  |7 fd132010  |2 czenas 
655 7 |a audioknihy  |7 fd119452  |2 czenas 
655 7 |a kompaktní desky  |7 fd201991  |2 czenas 
700 1 |a Vrzák, Aleš,  |d 1970-  |7 xx0025610  |4 drt 
700 1 |a Mazourová, Markéta,  |d 1974-  |7 xx0093159  |4 cmp 
700 1 |a Hánová, Martina  |7 jk01033434  |4 trl 
700 1 |a Merunková, Růžena,  |d 1940-  |7 jn19990209540  |4 stl 
830 0 |a Voilà! Hercule Poirot 
830 0 |a Audioknihy 
910 2 |a BOA001  |b CDR-1241.216 
990 |a AV 
991 |b 201011  |e b 
996 6 |b 2610433809  |c CDR-1241.216  |l MZK  |r Sklad / do 24 hodin  |n 7  |p p.v.  |w 001120649  |u 000010  |a 1  |e BOA001  |j MZK50  |s P